000 00609nam a2200229Ia 4500
003 OSt
005 20221007080058.0
006 a|||||r|||| 00| 0
007 ta
008 221006b |||||||| |||| 00| 0 eng d
024 _a30,018
037 _cTextual
040 _aFLL
_cFLL
_beng
041 _2eng
_aeng
082 _aXM55:Z2, L8
100 _aBaig Nafees
245 0 _aCompany law and secretarial practice
260 _aNew Delhi
_bSterling Publishers Pvt. Ltd. India
_c1978
300 _a273p
_ccm.
942 _hXM55:Z2, L8
_cTEXL
_2CC
999 _c1158301
_d1158301